<?xml version="1.0" encoding="UTF-8"?>
<resp>
  <nextPage>https://data.bn.org.pl/api/networks/bibs.marcxml?marc=001+b00001150001813&amp;sinceId=1150001814</nextPage>
  <collection>
    <record xmlns='http://www.loc.gov/MARC21/slim'><leader>01582namZa2200433ZiZ4500</leader><controlfield tag='001'>b00001150001813</controlfield><controlfield tag='005'>20260403094846.4</controlfield><controlfield tag='008'>230609s        pl           |000 0 pol c</controlfield><controlfield tag='009'>9913261367805606</controlfield><datafield ind1=' ' ind2=' ' tag='020'><subfield code='a'>9788374144223</subfield></datafield><datafield ind1=' ' ind2=' ' tag='035'><subfield code='a'>KR_1KR_1_20120318002405030167-48omnis_kr</subfield></datafield><datafield ind1=' ' ind2=' ' tag='035'><subfield code='a'>KR_1_20120318002405030167</subfield><subfield code='9'>ExL</subfield></datafield><datafield ind1=' ' ind2=' ' tag='035'><subfield code='a'>(PL)b00001150001813</subfield></datafield><datafield ind1=' ' ind2=' ' tag='040'><subfield code='a'>KR_1</subfield><subfield code='c'>KR_1</subfield></datafield><datafield ind1='1' ind2=' ' tag='041'><subfield code='a'>pol</subfield><subfield code='h'>ita</subfield></datafield><datafield ind1='1' ind2=' ' tag='100'><subfield code='a'>Santagata, Marco</subfield><subfield code='d'>(1947- )</subfield></datafield><datafield ind1='1' ind2='0' tag='245'><subfield code='a'>Mistrz Bladych Świętych /</subfield><subfield code='c'>Marco Santagata ; przeł. Alina Pawłowska-Zampino.</subfield></datafield><datafield ind1=' ' ind2=' ' tag='260'><subfield code='a'>Warszawa :</subfield><subfield code='b'>W.A.B.,</subfield><subfield code='c'>2008.</subfield></datafield><datafield ind1=' ' ind2=' ' tag='300'><subfield code='a'>265 s. ;</subfield><subfield code='c'>21 cm.</subfield></datafield><datafield ind1='1' ind2=' ' tag='490'><subfield code='a'>Inne Historie</subfield></datafield><datafield ind1=' ' ind2=' ' tag='500'><subfield code='a'>p</subfield></datafield><datafield ind1=' ' ind2='9' tag='650'><subfield code='a'>Powieść włoska</subfield><subfield code='y'>21 w.</subfield></datafield><datafield ind1='1' ind2=' ' tag='700'><subfield code='a'>Pawłowska-Zampino, Alina</subfield><subfield code='e'>Tł.</subfield></datafield><datafield ind1=' ' ind2=' ' tag='852'><subfield code='8'>22798384040008210</subfield><subfield code='j'>1</subfield><subfield code='b'>F14</subfield><subfield code='p'>10292626</subfield><subfield code='c'>UBYTKI_F14</subfield></datafield><datafield ind1=' ' ind2=' ' tag='852'><subfield code='8'>22798384220008210</subfield><subfield code='j'>1</subfield><subfield code='b'>F06</subfield><subfield code='p'>10292619</subfield><subfield code='c'>lok06</subfield></datafield><datafield ind1=' ' ind2=' ' tag='852'><subfield code='8'>22798383900008210</subfield><subfield code='j'>1</subfield><subfield code='b'>F02</subfield><subfield code='p'>10293012</subfield><subfield code='c'>lok02</subfield></datafield><datafield ind1=' ' ind2=' ' tag='852'><subfield code='8'>22798384000008210</subfield><subfield code='j'>1</subfield><subfield code='b'>F16</subfield><subfield code='p'>10292624</subfield><subfield code='c'>UBYTKI_F16</subfield></datafield><datafield ind1=' ' ind2=' ' tag='852'><subfield code='8'>22798383920008210</subfield><subfield code='j'>1</subfield><subfield code='b'>F18</subfield><subfield code='p'>10292615</subfield><subfield code='c'>lok18</subfield></datafield><datafield ind1=' ' ind2=' ' tag='852'><subfield code='8'>22798384160008210</subfield><subfield code='j'>1</subfield><subfield code='b'>F09</subfield><subfield code='p'>10292617</subfield><subfield code='c'>Ubytki05</subfield></datafield><datafield ind1=' ' ind2=' ' tag='852'><subfield code='8'>22798383940008210</subfield><subfield code='j'>1</subfield><subfield code='b'>C</subfield><subfield code='p'>13263306</subfield><subfield code='c'>lokC</subfield></datafield><datafield ind1=' ' ind2=' ' tag='852'><subfield code='8'>22798384120008210</subfield><subfield code='j'>1</subfield><subfield code='b'>F01</subfield><subfield code='p'>10293014</subfield><subfield code='c'>lok01</subfield></datafield><datafield ind1=' ' ind2=' ' tag='852'><subfield code='8'>22798384080008210</subfield><subfield code='j'>1</subfield><subfield code='b'>F13</subfield><subfield code='p'>10292623</subfield><subfield code='c'>lok13</subfield></datafield><datafield ind1=' ' ind2=' ' tag='852'><subfield code='8'>22798383960008210</subfield><subfield code='j'>1</subfield><subfield code='b'>F12</subfield><subfield code='p'>10292621</subfield><subfield code='c'>lok12</subfield></datafield><datafield ind1=' ' ind2=' ' tag='852'><subfield code='b'>48OMNIS_MBPG</subfield><subfield code='8'>991002562739708210</subfield></datafield><datafield ind1=' ' ind2=' ' tag='852'><subfield code='b'>48OMNIS_NETWORK</subfield><subfield code='8'>9913261367805606</subfield></datafield><datafield ind1=' ' ind2=' ' tag='920'><subfield code='a'>978-83-7414-422-3</subfield></datafield></record>
  </collection>
</resp>
